ASP.NET XML webová služba poskytujúca informácie o bankových zmenkách a ich diskontovaní diplomová práca

Gespeichert in:
Bibliographische Detailangaben
1. Verfasser: Jancek, Lukáš
Körperschaft: Fakulta hospodárskej informatiky EU. Katedra aplikovanej informatiky
Weitere Verfasser: Košťál, Igor, 1962-
Format: Buch
Sprache:Slowakisch
Veröffentlicht: Bratislava 2013
Tags: Tag hinzufügen
Keine Tags, Fügen Sie das erste Tag hinzu!

MARC

LEADER 00000nbm a2200000 4500
001 0171755
005 20161109102456.0
041 0 |a slo 
044 |a SK 
245 1 0 |a ASP.NET XML webová služba poskytujúca informácie o bankových zmenkách a ich diskontovaní  |b diplomová práca  |c Lukáš Jancek ; školiteľ: Igor Košťál 
264 1 |a Bratislava  |c 2013 
300 |a 54 s. 
100 1 |a Jancek, Lukáš 
700 1 |a Košťál, Igor, 1962- 
710 2 |a Fakulta hospodárskej informatiky EU. Katedra aplikovanej informatiky